000 01422cam a22004574i 4500
003 PE-LiUPU
005 20250731173102.0
008 150623s r 000 0 d
020 _a0961889160
035 _a(Sirsi) i9780961889166
040 _aPE-LiUPU
_bspa
_cPE-LiUPU
_erda
049 _aPRUA
082 0 4 _a264.6
_bM665
_223
245 1 4 _aThe minister's annual manual for preaching and worship planning 1992-1993 /
_ccompilado y editado por Lois y Manfred Holck.
264 1 _aAustin, Texas :
_bChurch Management,
_c1992.
300 _a512 p. :
_bcuadros ;
_c21 centímetros
336 _atext
_2rdacontent
337 _aunmediated
_2rdamedia
338 _avolume
_2rdacarrier
504 _aIncluye bibliografía.
505 0 _aSermons. -Children´s object talks.
526 _aSEG42
526 _aSEG41
526 _aSEG40
526 _aSEG39
526 _aP94
526 _aP87
526 _aP86
526 _aP85
526 _aP77
526 _aP76
526 _aP35
650 1 4 _aCulto público.
650 2 4 _aSermones
_93093
700 _aHolck. Lois
_ecompilador y editor.
_93172
700 _aHolck, Manfred.
_ecompilador y editor.
_93173
942 _2ddc
_cBK
_n0
949 _a264.002 M51
_wDEWEY
_c1
_i49060
_lCCODEBUL1
_mBUL
_r0
_sY
_tBOOK
_u2015-6-24
_xTEOLOGIA
_0COMPRA
_o.STAFF. Colección General
980 _81
_gALBERTO SANCHEZ Responsable de Automatización
999 _c28210
_d28210